000
00344 a2200157 4500
001
60621
020
_a
8478272100
040
_c
Anchieta - Pituba
100
_a
Imbernón, F.
240
1
0
_a
A educação no século XXI
_l
por
245
1
0
_a
A educação no século XXI
300
_a
205
362
0
_a
2000
650
4
_a
Educação
942
_c
BK
999
_c
60621
_d
60621